| 000 | 00619nam a2200217Ia 4500 | ||
|---|---|---|---|
| 008 | 160517s9999 xx 000 0 und d | ||
| 050 | _aTS 155 | ||
| 050 | _b.Ag283 2016 | ||
| 100 | _aAguinaldo, Carlo John Dennis. | ||
| 245 | _aOnline enrollment and grading system for seed academy / | ||
| 245 | _cCarl John Dennis Aguinaldo. | ||
| 260 | _aLas PiƱas, Philippines : | ||
| 260 | _bSISC, | ||
| 260 | _c2016. | ||
| 300 | _a153 pages : | ||
| 300 | _billustrations ; | ||
| 300 | _c28 cm. | ||
| 500 | _aIncludes bibliographical references and appendices. | ||
| 521 | _aInformation Technology | ||
| 942 | _cTH | ||
| 999 |
_c293949 _d293949 |
||